Delta ekvivalent u opčních měnových kontraktů

Objasnenie princípu delta ekvivalentu menových opcií. Delta ekvivalent je od 1.2.1996 súčasťou denného a mesačného výkazu o devízovej pozícii bánk a pobočiek zahraničných bánk (podľa opatrenia ČNB). Opcie patria do širšej kategórie pevných a opčných termínových obchodov, t.j. derivátov. Vymedzenie p...

Full description

Saved in:
Bibliographic Details
Main Author: Jílek, Josef
Format: Book Chapter
Language:Czech
Subjects:
Tags: Add Tag
No Tags, Be the first to tag this record!

MARC

LEADER 00000naa a2200000 4500
001 r022527
005 20230908090431.0
041 0 |a cze 
044 |a CZ 
245 1 0 |a Delta ekvivalent u opčních měnových kontraktů  |c J. Jílek 
520 |a Objasnenie princípu delta ekvivalentu menových opcií. Delta ekvivalent je od 1.2.1996 súčasťou denného a mesačného výkazu o devízovej pozícii bánk a pobočiek zahraničných bánk (podľa opatrenia ČNB). Opcie patria do širšej kategórie pevných a opčných termínových obchodov, t.j. derivátov. Vymedzenie podsúvahových aktív a pasív. Definícia delta ekvivalentu. Metóda dynamického zaisťovania. Princíp tzv. stáleho preceňovania. Bankové a obchodné portfólio. 
610 2 0 |a obchody termínové 
610 2 0 |a opcie 
610 2 0 |a Česko 
610 2 0 |a ČNB Praha 
610 2 0 |a 1996 
610 2 0 |a aktíva 
610 2 0 |a pasíva 
610 2 0 |a deriváty 
610 2 0 |a banky 
610 2 0 |a riziko kurzové 
610 2 0 |a portfólio 
610 2 0 |a výkazy účtovné 
100 1 |a Jílek, Josef